عرض عادي
عرض مارك
- Shen, X.
مدخل إسم شخص
001 - رقم الضبط
- حقل الضبط: 16298
003 - معرف رقم الضبط
- حقل الضبط: OSt
005 - تاريخ ووقت أخر عملية
- حقل الضبط: 20120624090216.0
008 - عناصر بيانات ثابتة الطول
- حقل تحكم ثابت الطول: 120624|||a|||||| | ||| d
040 ## - مصدر الفهرسة
- هيئة الفهرسة الأصلية: OSt
- وكالة الكتابة: OSt
100 ## - مدخل -- أسم شخص
- إسم شخص: Shen, X.
- الشكل الكامل للاسم: (Xuemin),
- تواريخ مرتبطة بالاسم: 1958-
670 ## - بيانات المصدر موجوده
- الاستشهاد بالمصدر: Work cat.: (OSt)0: Handbook of peer-to-peer networking /, c2010.
